Statistics (Record no. 5105)

MARC details
005 - DATE AND TIME OF LATEST TRANSACTION
control field 20250625143528.0
020 ## - INTERNATIONAL STANDARD BOOK NUMBER
International Standard Book Number 0-536-15454-6
082 ## - DEWEY DECIMAL CLASSIFICATION NUMBER
Classification number 519.4 STA
245 ## - TITLE STATEMENT
Title Statistics
260 ## - PUBLICATION, DISTRIBUTION, ETC.
Place of publication, distribution, etc. New York,
Name of publisher, distributor, etc. Pearson,
Date of publication, distribution, etc. 2006.
300 ## - PHYSICAL DESCRIPTION
Extent xii, 482p.; ill.; figure, table
Other physical details Appendix, Index
Dimensions 26cm.
942 ## - ADDED ENTRY ELEMENTS (KOHA)
Source of classification or shelving scheme Dewey Decimal Classification
Koha item type Books
Holdings
Date last seen Total checkouts Full call number Barcode Cost, replacement price Price effective from Koha item type Lost status Source of classification or shelving scheme Damaged status Not for loan Withdrawn status Home library Current library Shelving location Date acquired Cost, normal purchase price
06/25/2025   519.4 STA DOM000893 50000.00 06/25/2025 Books   Dewey Decimal Classification       CBE Dodoma CBE Dodoma General Collection 07/24/2017 150000.00